Παγκόσμια γεωπολιτική : μια εισαγωγή στην πολιτική γεωγραφία

Αποθηκεύτηκε σε:
Λεπτομέρειες βιβλιογραφικής εγγραφής
Κύριοι συγγραφείς: Braden, Kathleen E., Shelley, Fred M., 1952- (Συγγραφέας)
Άλλοι συγγραφείς: Πετρόπουλος, Σωτήρης (Μεταφραστής), Γιαννακόπουλος, Γιώργος (Επιμελητής έκδοσης), Σταθοπούλου, Αγγελική (edtf), Χουλιάρας, Αστέρης Κ. (Συγγραφέας εισαγωγής κ.λπ.), Πετράκου, Ηλέκτρα (Συγγραφέας εισαγωγής κ.λπ.)
Μορφή: Βιβλίο
Γλώσσα:Greek
English
Δημοσίευση: Αθήνα : Ροές, 2006.
Σειρά:Δοκίμια (Ροές)
Θέματα:
Ετικέτες: Προσθήκη ετικέτας
Δεν υπάρχουν, Καταχωρήστε ετικέτα πρώτοι!

MARC

LEADER 00000cam a2200000 i 4500
001 1/7584
008 100518s2006 gr ||| ||gre||
020 |a 960283241Χ 
035 |l 10107915 
040 |a GR-MY-UA  |b gre  |e aacr 
041 1 |a gre  |h eng 
082 7 |a 327.101   |2 (22) 
100 1 |a Braden, Kathleen E. 
245 1 0 |a Παγκόσμια γεωπολιτική :   |b μια εισαγωγή στην πολιτική γεωγραφία /   |c Kathleen E. Branden, Fred M. Shelley ; μετάφραση Σωτήρης Πετρόπουλος ; εισαγωγή Ηλέκτρα Πετράκου, Αστέρης Χουλιάρας ; επιμέλεια Γιώργος Γιαννακόπουλος, Αγγελική Σταθοπούλου.  
260 |a Αθήνα :   |b Ροές,   |c 2006.  
300 |a 281 σ. :   |b εικ., πίν, χάρτες ;   |c 24 εκ.  
490 1 |a (Δοκίμια, Ροές).  
500 |a Μετάφραση του: Engaging geopolitics.  
504 |a Βιβλιογραφία: σ. 273-278.  
650 0 0 |a Geopolitics. 
650 0 0 |a International relations. 
650 0 0 |a World politics  |y 1989- 
700 1 |a Shelley, Fred M.,   |d 1952-  |e aut 
700 1 |a Πετρόπουλος, Σωτήρης,  |e trl 
700 1 |a Γιαννακόπουλος, Γιώργος,  |e edt 
700 1 |a Σταθοπούλου, Αγγελική,  |e edtf 
700 1 |a Χουλιάρας, Αστέρης Κ.  |e aui 
700 1 |a Πετράκου, Ηλέκτρα,  |e aui 
830 0 |a Δοκίμια (Ροές) 
852 |a INST  |b LESVOS  |e 20100518  |h 327.101 BRA  |p 005100047297  |q 005100047297  |t BK  |y 0 
852 |a INST  |b LESVOS  |e 20100518  |h 327.101 BRA  |p 005100047298  |q 005100047298  |t BK  |y 0 
852 |a INST  |b LESVOS  |e 20100518  |h 327.101 BRA  |p 005100047299  |q 005100047299  |t BK  |y 0 
852 |a INST  |b LESVOS  |e 20100518  |h 327.101 BRA  |p 005100047300  |q 005100047300  |t BK  |y 0 
852 |a INST  |b LESVOS  |e 20100518  |h 327.101 BRA  |p 005100047301  |q 005100047301  |t BK  |y 0 
852 |a INST  |b LESVOS  |e 20110616  |h 327.101 BRA  |p 005100048871  |q 005100048871  |t BK  |y 0 
852 |a INST  |b RHODES  |c EUDOXUS  |e 20160412  |h 327.101 BRA  |p 005400038336  |q 005400038336  |t EDX  |y 0 
852 |a INST  |b SAMOS  |e 20110902  |h 327.101 BRA  |p 005300032557  |q 005300032557  |t BK  |y 0 
901 |a BIBL3-2011-3 
901 |a BIBL1-2010-2 
901 |a BIBL1-2011-2 
920 |a Εύδοξος  |b Επιστροφή  |y Λέσβος  |z 2011-04 
920 |a Εύδοξος  |b Παραγγελία  |y Ρόδος-ΤΜΣ  |z 2016-04 
970 |a ΚΑΡΑ  |b ΓΙΑΣΕΜΗ  |z 2010/05/18